Регионална библиотека "Любен Каравелов" - Русе

The joint strategy for the touristic developement of the Giurgiu - Ruse area (Запис номер 517685)

MARC детайли
000 -Лидер
Контролно поле с фиксирана дължина 02169nam a2200433 c 4500
003 - Код на организацията, давaща контролен номер
Контролно поле BLK
005 - Дата и час на последна редакция
Контролно поле 20240925150002.0
008 - Елементи от данни с фиксирана дължина
fixed length control field 180409b bul|||||r ||||||| ||bul||
040 ## - Източник на каталожния запис
Идентификатор на билиотеката - собственик на записа BLK
041 ## - Код за език
Код за езика на текст/звукозапис или на отделно заглавие Английски
Код за езика КДБФ Български
Други езици Английски
080 ## - УДК
Текстов определител УДК Икономическо положение. Икономическа политика. Управление. Планиране. Производство. Услуги. Цени
УДК код - определител по УДК 338
УДК определител (497.2:498)(083.9)
УДК - код + определител 338(497.2:498)(083.9)
080 ## - УДК
Текстов определител УДК Обща икономическа политика
УДК код - определител по УДК 338.22
УДК определител (497.2:498)(083.9)
УДК - код + определител 338.22(497.2:498)(083.9)
080 ## - УДК
Текстов определител УДК Туризмът от стопанско гледище. Политика по отношение на туризма. Икономика и организация на туризма. Вътрешен и международен туризъм. Вж и 379.8
УДК код - определител по УДК 338.48
УДК определител (497.2:498)(083.9)
УДК - код + определител 338.48(497.2:498)(083.9)
139 ## - Редно поле
Редна дума The joint strategy for the touristic developement of the Giurgiu - Ruse area
Авторски знак Joh - J 74
245 10 - Сведения за заглавието
Заглавие The joint strategy for the touristic developement of the Giurgiu - Ruse area
Подзаглавни данни Touristic guide book for Giurgiu - Ruse area
257 ## - Страна на издаване
Страна на създаване/издаване България
260 ## - Област на издателските данни
Година на издаване 2019
9 (RLIN) 213248
Място на издаване, разпространение и проч. Ruse
Име на издателя, разпространителя и проч. Регион. бизнес център
300 ## - Физическа характеристика
Страници 113 p.
Размери/Мащаб 21 см
380 ## - Жанр
Жанр Обществени науки
650 #4 - Допълнително описание по предмет – тема
Основно описание – тема или топоним Местно управление - Крайдунавски регион
9 (RLIN) 264513
650 #4 - Допълнително описание по предмет – тема
Основно описание – тема или топоним Международно сътрудничество - проекти
9 (RLIN) 312879
651 #4 - Допълнително описание по предмет - топоним
Географско понятие Русе
9 (RLIN) 179462
651 #4 - Допълнително описание по предмет - топоним
Географско понятие Гюргево
9 (RLIN) 178799
651 #4 - Допълнително описание по предмет - топоним
Географско понятие Румъния
9 (RLIN) 179459
651 #4 - Допълнително описание по предмет - топоним
Географско понятие България
9 (RLIN) 241624
653 ## - Ключова дума – ненормативна
Ключова дума международни отношения
653 ## - Ключова дума – ненормативна
Ключова дума трансгранични проекти
653 ## - Ключова дума – ненормативна
Ключова дума трансгранично сътрудничество
653 ## - Ключова дума – ненормативна
Ключова дума икономика
653 ## - Ключова дума – ненормативна
Ключова дума транспорт
653 ## - Ключова дума – ненормативна
Ключова дума туризъм
653 ## - Ключова дума – ненормативна
Ключова дума териториално планиране
653 ## - Ключова дума – ненормативна
Ключова дума култура
852 ## - Местоположение
Фондова буква Краезнание
Форматна сигнатура К 33/J 74
856 4# - Електронен адрес и достъп
Електронен формат pdf - файл
Инструкция (цена за достъп) 0.00
Права за достъп disable
856 4# - Електронен адрес и достъп
Електронен формат pdf - файл
Инструкция (цена за достъп) 0.00
Права за достъп disable
942 ## - АРТИКУЛИ
Вид на библиотечния материал Книги
Скрит в OPAC Не
Периодичен библиозапис Да
944 ## - СЪЗДАВАНЕ И РЕДАКЦИЯ на ЗАПИСА
Създаване/Редакция
Дата на регистрацията/редакция Нора Радева
Служител, извършил регистрацията/редакцията 30545
Статус, дата на статуса Нора Радева
999 ## - СИСТЕМНИ КОНТРОЛНИ НОМЕРА
Koha biblionumber 517685
Koha biblioitemnumber 517685
Наличности
Код за отписване Код за изгубен артикул Източник на класификационната схема Код за повреда Коз за рестрикции Код за отдаване Артикулен № Име на библиотеката - собственик Име на библиотеката, в която се намира в момента Статус (Текущо местоположение) Дата на вписване в системата Местоположение - отдел Цена в лева Инвентарен номер Систематично азбучна сигнатура Баркод Цена в евро Служебен тип на артикула
  Не е изгубен Universal Decimal Classification Не е повреден само за читалня ползва се в читалня 949962 Регионална библиотека "Любен Каравелов" Русе Регионална библиотека "Любен Каравелов" Русе Краезнание 2024-09-27 Краезнание 5.00 120000913329 К 33/J 74 120000913329 2.56 Книги
Vip Innovations Ltd, Rousse, Bulgaria 2025